[Event "EIWCC 2018"]
[Site "Vysoke Tatry"]
[Date "2018.04.08"]
[Round "1"]
[White "Batsiashvili, Nino"]
[Black "Ozturk, Kubra"]
[Result "1/2-1/2"]
[WhiteElo "2521"]
[BlackElo "2295"]
[Annotator "TA"]
[PlyCount "111"]
[EventDate "2018.??.??"]
[EventType "swiss"]
[EventCountry "SVK"]
[SourceTitle "playchess.com"]
[Source "ChessBase"]
[SourceQuality "1"]

{[%evp 13,111,5,14,15,34,52,46,34,77,73,66,56,77,41,58,52,49,15,114,111,98,91,144,137,269,224,296,298,365,151,147,154,125,0,0,0,0,0,-3,-2,0,-7,-2,-6,0,-13,-18,-13,0,0,0,0,0,-29,0,0,0,0,0,0,0,0,0,0,0,0,0,0,0,0,0,0,0,0,0,0,0,0,0,0,0,0,0,0,4,4,4,4,4,4,4,4,4,4,4,4,4,0,9,9]} 1. c4 e5 2. Nc3 Bb4 3. Nf3 Bxc3 4. bxc3 e4 5. Nd4 Nf6 6. g3 O-O 7. Bg2 d6 8. O-O {A22: English Opening: 1...e5 2 Nc3 Nf6} Na6 9. f3 exf3 $146 ({Predecessor:} 9... c5 10. Nc2 exf3 11. Rxf3 Rb8 12. d3 {1-0 (40) Marin,M (2555)-De Vreugt,D (2498) Tel Aviv 2000}) 10. Rxf3 {White is slightly better.} Bg4 11. Rf2 Nc5 12. d3 Nfd7 13. Qf1 c6 14. h3 Be6 15. Nf5 d5 (15... Bxf5 $11 {keeps the balance.} 16. Rxf5 Qa5) 16. cxd5 $16 cxd5 17. Ba3 Re8 {[#]} (17... Qc7 $142) 18. Nd6 $1 Rf8 (18... Qa5 $16) 19. d4 $18 Na4 20. c4 $1 {[%cal Rc4d5]} ({Not} 20. Nxb7 Qc7 $14) 20... Ndb6 21. c5 ({Weaker is} 21. Nxb7 Qc7 $16) (21. cxd5 $18 {and White stays clearly on top.} Nxd5 22. Bxd5 (22. Nxb7 Qd7 $16) 22... Bxd5 23. e4) 21... Nc8 $16 22. Nxb7 Qc7 {[#]} 23. Nd6 (23. c6 $1 $16 Re8 24. Rc1) 23... Nxd6 $11 24. cxd6 Qc3 25. Rf3 Qxd4+ 26. Kh2 {Black must now prevent Rf4.} Nb6 27. Rd3 Qe5 28. Rad1 $132 {[%mdl 2048] White is fighting back} Rfd8 29. Qf3 Rac8 30. Re3 Qf6 31. Qxf6 gxf6 32. Red3 Nc4 33. e4 dxe4 (33... d4 $5) 34. Bxe4 {The position is equal.} f5 35. Bg2 Nxa3 36. Rxa3 Rc2 37. Rxa7 Bxa2 38. Kg1 Be6 39. Ra3 Kg7 40. Re3 Kf6 41. h4 Rb2 42. Rc3 (42. Bf3 {is more complex.} Rb6 43. Red3 Rb2 44. Re1 Rb6 45. Red1) 42... Rb3 43. Rxb3 Bxb3 {[%mdl 4096] Endgame KRB-KRB} 44. Rd2 Be6 45. Bc6 Bd7 46. Bb7 Be6 47. Kf2 Ke5 48. Ke3 Rxd6 (48... Rd7 {keeps more tension.} 49. Bf3 h6 50. Rd4 Rxd6 51. Rxd6 Kxd6 52. Kf4 Bc8) 49. Rxd6 Kxd6 {KB-KB} 50. Kf4 h6 51. Ba6 Ke7 52. Ke5 f6+ 53. Kf4 Kf7 54. Bd3 Kg7 55. Bxf5 Bd5 56. Bd3 {Precision: White = 55%, Black = 55%.} 1/2-1/2

[Event "EIWCC 2018"]
[Site "Vysoke Tatry"]
[Date "2018.04.08"]
[Round "1"]
[White "Gunina, Valentina"]
[Black "Sedina, Elena"]
[Result "1-0"]
[WhiteElo "2507"]
[BlackElo "2292"]
[Annotator "TA"]
[PlyCount "47"]
[EventDate "2018.??.??"]
[EventType "swiss"]
[EventCountry "SVK"]
[SourceTitle "playchess.com"]
[Source "ChessBase"]
[SourceQuality "1"]

{[%evp 17,47,0,0,0,0,-97,-80,-89,-103,-90,-56,-80,-74,-80,-34,-156,-93,-101,-87,-198,-197,-190,-145,-160,-120,-100,-88,-84,223,178,201,222]} 1. e4 e6 2. d4 d5 3. Nc3 Bb4 4. a3 Bxc3+ 5. bxc3 dxe4 6. Qg4 Nf6 7. Qxg7 Rg8 8. Qh6 c5 9. Ne2 Bd7 {LiveBook: 17 Games. C15: French: 3 Nc3 Bb4: Unusual White 4th moves} 10. dxc5 (10. Bg5 Rg6 11. Qh4 Bc6 12. Rd1 Nbd7 13. Nf4 Rxg5 14. Qxg5 Qa5 15. Ne2 O-O-O 16. dxc5 Nd5 17. Nd4 Nxc5 18. Nxc6 bxc6 {1-0 (61) Wang,H (2709)-Savchenko,B (2566) Riadh 2017}) 10... Ba4 11. Be3 $146 {[#]} (11. Nd4 $11) ({Find the theoretical novelty and annotate with similar games:} 11. Nd4 Nbd7 12. Rb1 Rg6 13. Qh3 Nxc5 14. Bb5+ Bxb5 15. Rxb5 Qc7 16. O-O a6 17. Rb1 {0-1 (39) Zumsande,M (2428)-Lenderman,A (2608) London 2014}) 11... Nbd7 $1 $17 {Black is better.} 12. Nd4 Qa5 13. Bd2 Qxc5 14. Rb1 Rg6 $36 {[%mdl 2048] Black is on the roll.} 15. Qh3 O-O-O 16. Qe3 (16. Be2 $1 $15) 16... Ne5 ({Black should try} 16... Qc7 17. Qh3 Nb6) 17. h3 a6 18. f4 (18. Nf5 $17 Qc7 19. Nh4) 18... exf3 $1 $19 19. gxf3 Nc6 20. Bd3 Nd5 {[%cal Bf6d5,Bd5c3,Bc3b1][%mdl 32]} ({Not} 20... Nxd4 21. cxd4 Qxd4 22. Bxg6 $16) ({Reject} 20... Qxa3 $6 21. Bxg6 Nd5 22. Qd3 $11) 21. Qf2 Nxc3 22. Nxc6 Qxf2+ $4 {[%mdl 8192] [#]} (22... Qxc6 $17 23. Rb4 Bb5 24. Bxg6 fxg6) 23. Kxf2 $18 Nxb1 24. Nxd8 {Precision: White = 33%, Black = 45%.} 1-0

[Event "EIWCC 2018"]
[Site "Vysoke Tatry"]
[Date "2018.04.08"]
[Round "1"]
[White "Sebag, Marie"]
[Black "Fuchs, Judith"]
[Result "1-0"]
[WhiteElo "2492"]
[BlackElo "2286"]
[Annotator "TA"]
[PlyCount "95"]
[EventDate "2018.??.??"]
[EventType "swiss"]
[EventCountry "SVK"]
[SourceTitle "playchess.com"]
[Source "ChessBase"]
[SourceQuality "1"]

{[%evp 14,95,39,32,50,29,33,26,59,62,55,24,50,50,62,60,60,47,158,156,152,150,153,160,166,169,165,168,148,116,218,209,208,152,161,145,145,144,151,135,146,115,158,118,152,154,177,0,329,329,323,291,274,241,236,229,518,525,518,497,1291,695,1291,1231,1488,1424,1342,0,834,0,1147,723,1095,1708,6115,5391,5803,5481,5114,5102,5377,5369,2253,1412]} 1. e4 c5 2. Nf3 d6 3. Bb5+ Nd7 4. O-O Ngf6 5. Re1 a6 6. Bd3 {B51: Sicilian: Moscow Variation (3 Bb5+) without 3...Bd7} Ne5 7. Nxe5 dxe5 8. a4 {LiveBook: 15 Games. White is slightly better.} h5 $146 ({Predecessor:} 8... Bg4 9. Be2 Bd7 10. b3 Bc6 11. Bb2 Qc7 12. Na3 e6 13. Nc4 {0-1 (48) Areshchenko,A (2686)-Adly,A (2597) Dubai 2017}) 9. Qe2 Bg4 10. Qe3 Rc8 11. Na3 {[%cal Bb1a3,Ba3c4,Bc4b6][%mdl 32]} g6 {[#] Strongly threatening ...Bh6.} 12. Bf1 (12. Bc4 $5 {[%cal Re3b3]}) 12... Qc7 13. Qc3 Bg7 14. a5 O-O 15. Nc4 Ne8 (15... Nd7 $14) 16. Nb6 $16 Rd8 17. d3 Rd6 18. Nd5 Rxd5 19. exd5 Nd6 20. Be3 Rc8 21. Qd2 Kh7 (21... e6 $16) 22. c4 $18 Nf5 23. h3 Nxe3 24. Rxe3 Bf5 25. Qe1 e6 26. dxe6 Bxe6 27. g3 Rd8 28. Bg2 Rd4 29. h4 Qd7 {[#]} 30. Ra3 $2 (30. Bf1 $1 $18) 30... Qc7 $2 {[%mdl 8192]} (30... Bxc4 $1 $11 {and Black has nothing to worry.} 31. dxc4 Rd1) 31. Rb3 Bc8 32. Rb6 Rd6 33. Rxd6 Qxd6 34. Bd5 Qd7 $2 (34... f6 {was called for.} 35. f4 Bg4 36. fxe5 (36. Bxb7 exf4 37. gxf4 f5 $16) 36... fxe5) 35. Rxe5 Bxe5 36. Qxe5 Qg4 (36... Kg8 $142 37. Be4 Qg4 38. Qxc5 Qd7) 37. Qf6 Be6 38. Bxe6 fxe6 {[%mdl 4096] Endgame KQ-KQ} 39. Qf7+ Kh8 40. Qf6+ Kh7 $1 41. Qf7+ Kh8 42. Kg2 {White is clearly winning.} Qf5 43. Qxf5 gxf5 44. Kf3 Kg7 45. Ke3 Kf6 46. f4 Ke7 47. d4 Kd6 48. Kd3 {Precision: White = 68%, Black = 30%.} 1-0

[Event "EIWCC 2018"]
[Site "Vysoke Tatry"]
[Date "2018.04.08"]
[Round "1"]
[White "Stefanova, Antoaneta"]
[Black "Prudnykova, Olga"]
[Result "1/2-1/2"]
[WhiteElo "2479"]
[BlackElo "2281"]
[Annotator "TA"]
[PlyCount "68"]
[EventDate "2018.??.??"]
[EventType "swiss"]
[EventCountry "SVK"]
[SourceTitle "playchess.com"]
[Source "ChessBase"]
[SourceQuality "1"]

{[%evp 9,68,0,16,-23,78,78,99,50,64,23,27,31,90,38,93,38,66,36,45,27,24,14,93,29,30,26,28,-30,-12,-62,-47,-62,-43,-53,-45,-52,-62,-66,0,0,0,0,0,0,0,-22,0,0,0,0,0,0,0,-54,0,0,17,9,39,25,12]} 1. d4 Nf6 2. Bf4 g6 3. Nc3 d5 4. e3 Bg7 5. h4 {[%cal Bh2h4,Bh4h5,Bh5h6][%mdl 32]} a5 $146 ({Predecessor:} 5... h5 6. Nf3 Bg4 7. Be2 Bxf3 8. Bxf3 c6 9. Qd2 Nbd7 10. O-O-O b5 11. Kb1 {½-½ (34) Aronian,L (2797)-Vachier Lagrave,M (2793) Caleta 2018}) 6. h5 {A45: Trompowsky Attack} a4 (6... Nxh5 $11 7. Rxh5 gxh5) 7. h6 $16 Bf8 8. Nf3 {White is better.} c6 9. Ne5 Qa5 10. Qd2 b5 (10... Nh5 $14) 11. f3 (11. a3 $16) 11... e6 (11... a3 $14) 12. Nd3 (12. a3 $1 $16) 12... Nbd7 13. g4 Nb6 14. Kf2 Nc4 15. Qe1 b4 {[#]} (15... Nd7 $11 {remains equal.}) 16. Nd1 (16. Nxa4 $1 $16 {[%mdl 512]} Qxa4 17. b3) 16... Nd7 $11 17. Kg2 Be7 18. Be2 ({Better is} 18. Rc1) 18... O-O 19. Qg3 c5 20. g5 cxd4 21. exd4 Qb6 22. c3 a3 {And now ...axb2 would win.} 23. b3 Nb2 ({Black should try} 23... Nd6 $15 24. Nxb4 Nf5) 24. Nxb4 Bxb4 25. cxb4 {Hoping for Bd6.} Qxd4 26. Bd6 Qd2 {White must now prevent ...Nxd1.} 27. Kf1 Re8 28. Qf4 Qxf4 29. Bxf4 e5 30. Bd2 d4 {Threatens to win with ...d3.} 31. Kf2 (31. Nf2 $11) 31... Bb7 ({Black should play} 31... f5 $15 32. Bb5 e4 33. fxe4 fxe4) 32. Bb5 Red8 33. Re1 Ba6 34. Bxa6 Rxa6 {Precision: White = 35%, Black = 47%.} 1/2-1/2

[Event "EIWCC 2018"]
[Site "Vysoke Tatry"]
[Date "2018.04.08"]
[Round "1"]
[White "Cramling, Pia"]
[Black "Kursova, Maria"]
[Result "1/2-1/2"]
[WhiteElo "2472"]
[BlackElo "2278"]
[Annotator "TA"]
[PlyCount "159"]
[EventDate "2018.??.??"]
[EventType "swiss"]
[EventCountry "SVK"]
[SourceTitle "playchess.com"]
[Source "ChessBase"]
[SourceQuality "1"]

{[%evp 25,159,5,8,18,8,-2,-6,-13,-10,-43,-37,-26,-40,-46,-7,-5,-8,-8,-7,-6,-8,-25,0,0,0,-2,0,-5,-5,-5,-5,-5,-4,-5,0,0,0,-2,0,0,0,0,0,0,0,0,0,-4,0,0,0,0,0,0,0,-6,0,0,0,0,0,0,0,0,0,0,0,0,0,0,0,0,0,0,0,0,0,0,8,8,8,2,8,8,8,8,8,8,27,27,37,37,41,39,40,39,41,41,41,41,41,39,41,39,39,39,41,39,39,39,41,39,38,22,37,17,40,21,39,27,41,22,22,22,33,17,39,22,27,17,41,41,41,41,41,17]} 1. d4 Nf6 2. Nf3 e6 3. c4 b6 4. g3 Bb7 5. Bg2 Bb4+ 6. Bd2 Be7 7. Nc3 c6 8. O-O O-O 9. Rc1 {E16: Queen's Indian: 4 g3 Bb7 5 Bg2 Bb4+} d5 10. Bf4 dxc4 11. Ne5 Nd5 12. Nxc4 Nxf4 13. gxf4 Nd7 {LiveBook: 24 Games} 14. e3 Rc8 15. a3 {[#]} Ba6 $146 ({Find the theoretical novelty and annotate with similar games:} 15... Ba8 16. b4 c5 17. bxc5 Bxg2 18. Kxg2 bxc5 {½-½ (27) Cheparinov,I (2672)-Sargissian,G (2675) Warsaw 2013}) 16. Ne2 c5 {[#] aiming for ...cxd4.} 17. b3 b5 18. Nd2 b4 {Threatens to win with ...cxd4.} 19. dxc5 Rxc5 20. Rxc5 Bxc5 21. axb4 Bxb4 {Strongly threatening ...Nc5.} 22. Nc4 Nb6 {[%cal Bd7b6,Bb6c4,Bc4d2][%mdl 32]} 23. Qa1 Bxc4 24. bxc4 Nxc4 25. Qxa7 Nd2 26. Rc1 Qd3 27. Ng3 g6 28. Qa4 $132 {[%mdl 2048] White is not keeping still} Be7 29. Rd1 Qb3 30. Qxb3 Nxb3 31. Rd7 Re8 32. Ne4 Kf8 33. Rb7 Na5 34. Rc7 Rb8 35. Rc2 h6 36. Bf3 Rb1+ 37. Kg2 Rb8 38. Be2 Rd8 39. Rc7 Nb3 40. Rc2 Kg7 41. Bb5 Rb8 42. Bc4 Nc5 43. Nxc5 Bxc5 44. Bxe6 Bxe3 $1 $11 {[%mdl 4096] Endgame KRB-KRB} 45. Rc7 Kf6 46. Bc4 {[%csl Gc4][%cal Rc7f7] [#]} Bxf4 47. Rxf7+ Ke5 48. Bd3 g5 49. h4 Rb6 50. h5 Rf6 51. Rh7 Kd4 52. Bg6 g4 53. Re7 Kd5 54. Re4 Kd6 55. Ra4 Ke7 56. Bd3 Kf8 57. Be2 g3 58. fxg3 Bg5 59. Bf3 Rd6 60. Be4 Rf6 61. Bg6 Ke7 62. Kh3 Rd6 63. Bf5 Kf6 64. Be4 Ke5 65. Bg6 Rd4 66. Ra5+ Rd5 67. Ra7 Rb5 68. Rf7 {And now Rf5+ would win.} Ke6 69. Rf3 Ra5 70. Bf7+ Ke5 71. Rd3 Ra7 72. Bg6 Ra4 73. Kg2 Ra2+ 74. Kf3 Ra5 75. Rb3 Rc5 76. Rb4 Rc3+ 77. Kg4 Rc5 78. Bf5 {White is slightly better.} Rc3 79. Re4+ Kd5 80. Ra4 {Precision: White = 56%, Black = 59%.} 1/2-1/2

[Event "EIWCC 2018"]
[Site "Vysoke Tatry"]
[Date "2018.04.08"]
[Round "1"]
[White "Girya, Olga"]
[Black "Mamedjarova, Turkan"]
[Result "1-0"]
[WhiteElo "2470"]
[BlackElo "2274"]
[Annotator "TA"]
[PlyCount "119"]
[EventDate "2018.??.??"]
[EventType "swiss"]
[EventCountry "SVK"]
[SourceTitle "playchess.com"]
[Source "ChessBase"]
[SourceQuality "1"]

{[%evp 25,119,31,45,31,50,33,55,52,65,53,61,56,56,56,60,50,73,66,73,61,54,55,54,56,117,119,155,155,197,189,200,125,120,112,167,56,64,60,71,46,62,31,47,47,51,47,47,46,52,22,30,30,30,30,40,45,48,30,30,16,30,0,21,16,14,18,87,82,83,59,62,43,64,21,13,0,56,56,93,93,124,123,113,114,117,113,136,144,292,285,287,256,296,294,29997,29998]} 1. d4 d5 2. c4 e6 3. Nc3 Nf6 4. cxd5 exd5 5. Bg5 Be7 6. e3 O-O 7. Bd3 c6 8. Qc2 Nbd7 9. Nf3 Re8 10. O-O h6 11. Bf4 Nf8 12. h3 Bd6 13. Bxd6 Qxd6 {LiveBook: 21 Games} 14. Rfe1 {D36: Queen's Gambit Declined: Exchange Variation: Main line (5 Bg5 c6 6 Qc2)} (14. Rab1 Be6 15. b4 a6 16. Na4 Rad8 17. Nc5 Bc8 18. a4 Ne6 19. Rfc1 Ng5 20. Nxg5 hxg5 21. Bf5 b6 22. Bxc8 Rxc8 23. Nxa6 {0-1 (37) Dale,A (2390)-Sukandar,I (2384) Adelaide 2017}) 14... Bd7 $146 ({Predecessor:} 14... Be6 15. a3 a5 16. Na4 N8d7 17. Rac1 Rac8 18. Nc5 Qc7 19. Nxe6 Rxe6 20. Bf5 Re7 21. Ne5 Rce8 22. Nxd7 Nxd7 {½-½ (46) Turetsky,M (1622)-Radosevic,N (1589) St Petersburg 2016}) 15. Rab1 c5 16. dxc5 {White is slightly better.} Qxc5 17. Qb3 Bc6 18. Rbc1 Qd6 19. Nd4 Ne6 20. Nce2 Nxd4 21. Nxd4 Bd7 22. Re2 Rac8 23. Rec2 Rxc2 24. Rxc2 b6 {[#]} (24... Qb8 $14) 25. Qc3 $1 $16 Qe5 26. Qc7 Qh5 {Black wants to play ...Qd1+.} 27. Rc1 Qg5 28. Nf3 ({Not} 28. Qxa7 Rxe3 29. Bf1 Bxh3 $15) 28... Qh5 29. Qf4 Ne4 (29... d4 $16 {is a better defense.}) 30. Bxe4 ({Better is} 30. Rc7 $18 Nc5 31. Bc2) 30... dxe4 31. Nd4 Qd5 $1 32. a3 a5 33. Rc3 (33. Rc7 {is interesting.} Kh8 34. Kh2 Kg8 35. Ra7 Rc8 36. Qh4) 33... Qe5 34. Qxe5 Rxe5 $14 {[%mdl 4096] Endgame KRB-KRN} 35. Rc7 Rd5 36. Rb7 Rd6 37. h4 g5 38. hxg5 hxg5 39. Kf1 Bg4 40. Re7 Be6 41. Ke1 Kf8 42. Rc7 Bd7 43. Ne2 Ke8 44. Rc4 f5 45. g4 Be6 (45... fxg4 $11 46. Rxe4+ Kf7) 46. Rd4 $16 Kd7 47. gxf5 Bxf5 48. Kd2 Kc6 49. Kc3 {Strongly threatening Rxd6+.} Rf6 50. Kd2 Bg6 (50... Rd6 $11) 51. Ke1 $14 Rd6 {[#]} 52. Nc3 $1 Re6 53. Rd5 g4 54. Rg5 Bh7 55. Rxg4 Re5 56. Rh4 Re7 (56... Bf5 $16 {was worth a try.} 57. b4 Kd6) 57. Rh6+ $18 Kc5 58. Na4+ Kc4 59. Rxb6 ({Much less strong is} 59. Nxb6+ $6 Kb3 $18) 59... Kd3 $2 (59... Rg7 $18 60. Ke2 Ra7) 60. Rc6 {Precision: White = 50%, Black = 35%.} 1-0

[Event "EIWCC 2018"]
[Site "Vysoke Tatry"]
[Date "2018.04.08"]
[Round "1"]
[White "Cornette, Deimante"]
[Black "Manakova, Maria"]
[Result "1-0"]
[WhiteElo "2467"]
[BlackElo "2268"]
[Annotator "TA"]
[PlyCount "45"]
[EventDate "2018.??.??"]
[EventType "swiss"]
[EventCountry "SVK"]
[SourceTitle "playchess.com"]
[Source "ChessBase"]
[SourceQuality "1"]

{[%evp 16,45,45,49,60,60,66,35,46,31,41,40,136,137,241,231,233,249,528,540,591,600,1129,1088,1508,870,896,887,29990,29991,29991,29992]} 1. e4 c5 2. Nc3 Nc6 3. Bb5 d6 4. Bxc6+ bxc6 5. d3 g6 6. f4 Bg7 7. Nf3 Rb8 8. O-O Nh6 9. Qe1 {LiveBook: 12 Games. B23: Closed Sicilian: Lines without g3} (9. Kh1 f5 10. exf5 gxf5 11. Qe1 O-O 12. b3 Ng4 13. h3 Nf6 14. Bb2 Nh5 15. Qh4 Qe8 16. Na4 Bxb2 17. Nxb2 {0-1 (54) Alvarez Pedraza,A (2490)-Rakhmanov,A (2603) Panama City 2013}) 9... f6 $146 ({Find the theoretical novelty and annotate with similar games:} 9... f5 10. e5 O-O 11. Rf2 d5 12. Na4 Ng4 13. Re2 c4 14. h3 Nh6 15. Be3 cxd3 16. cxd3 Nf7 17. Bxa7 Ra8 18. Bb6 Qe8 19. b3 Bh6 20. Be3 e6 21. Rc2 Kh8 22. Rac1 Rg8 23. h4 Bf8 24. Nb6 Ra6 25. Rxc6 {1-0 (25) Neuman,P (2438)-Delaney,J (2219) Dublin 2018}) 10. Qg3 e6 11. f5 {White is slightly better.} exf5 12. Bxh6 Bxh6 13. exf5 $1 Bxf5 {[#]} ({Black should try} 13... gxf5 $14 14. Rae1+ Kf7) 14. Nh4 $1 $16 {[%cal Rh4f5]} d5 (14... Be6 $16 {keeps fighting.}) 15. Nxf5 $18 gxf5 16. Rxf5 {[%cal Bf1f5,Bf5h5,Bh5h7][%mdl 32]} Rxb2 $2 (16... Kf7 {might work better.} 17. Raf1 Bg7) 17. Raf1 (17. Re1+ Kf7 $14) 17... Rf8 18. Rh5 ({Not} 18. Re1+ Kf7 $16) 18... Bd2 19. Rxh7 {[#] Threatening mate with Qg6+.} Qb8 20. Qg4 {[%csl Gh7][%cal Rg4d7]} Be3+ 21. Kh1 {[%csl Gh7][%cal Rg4d7]} f5 22. Qg6+ Kd8 23. Qxc6 {Precision: White = 85%, Black = 14%.} 1-0

[Event "EIWCC 2018"]
[Site "Vysoke Tatry"]
[Date "2018.04.08"]
[Round "1"]
[White "Bodnaruk, Anastasia"]
[Black "Ionescu, Irina"]
[Result "0-1"]
[WhiteElo "2460"]
[BlackElo "2247"]
[Annotator "TA"]
[PlyCount "98"]
[EventDate "2018.??.??"]
[EventType "swiss"]
[EventCountry "SVK"]
[SourceTitle "playchess.com"]
[Source "ChessBase"]
[SourceQuality "1"]

{[%evp 13,98,42,41,32,54,22,26,0,0,0,12,-22,-25,-17,-4,-12,-8,-37,-51,-50,-58,-112,-85,-153,-73,-74,-94,-92,-77,-98,-105,-164,-106,-585,-240,-240,-243,-224,-224,-224,-196,-223,-204,-425,-422,-436,-428,-577,-575,-617,-453,-441,-420,-453,-453,-489,-490,-483,-475,-539,-534,-29979,-29978,-29993,-29986,-29986,-29982,-29993,-29982,-29982,-29983,-29986,-29987,-29987,-646,-29987,-674,-29990,-29991,-29991,-29992,-29992,-29993,-29997,-29998,-29998,-29999]} 1. e4 d6 2. d4 Nf6 3. Nc3 e5 4. Nf3 Nbd7 5. Bc4 Be7 6. O-O O-O 7. a4 a5 {LiveBook: 422 Games} 8. Re1 {C41: Philidor Defence} b6 9. Nd5 Bb7 $146 ({Predecessor:} 9... Nxd5 10. Bxd5 Rb8 11. c3 Bf6 12. Be3 Bb7 13. Bxb7 Rxb7 14. Qc2 Re8 15. Rad1 Qc8 {1-0 (36) Dominguez Perez,L (2739)-Bortnyk,O (2581) Doha 2016}) 10. Ba2 {White has an edge.} Nxd5 11. exd5 e4 {[%cal Be5e4,Be4e3][%mdl 32]} 12. Nd2 f5 {[%cal Bf7f5,Bf5f4][%mdl 32]} 13. f3 Bh4 14. g3 {[#]} e3 $1 {[%mdl 512]} 15. Nf1 (15. gxh4 $5 {[%cal Re1e3]} exd2 16. Qxd2 $11) (15. Rxe3 f4) 15... f4 $1 16. gxh4 Qxh4 17. Qe2 (17. c4 $15) 17... Rf5 {[#] White must now prevent ...Rg5+.} 18. Kh1 ({Better is} 18. Nxe3 $1 fxe3 19. Bxe3) 18... Nf6 ({Black should play} 18... Ba6 19. c4 Re8) 19. Bxe3 $17 fxe3 20. Nxe3 {[#]} Rh5 $1 21. Ng4 Rf8 22. c4 (22. Nxf6+ $17 Qxf6 23. c4) 22... Bc8 (22... Nxg4 $19 23. fxg4 Rh6) 23. Rf1 $2 {[%mdl 8192] [#]} (23. Nxf6+ $17 {is a better chance.} Rxf6 24. Rg1) 23... Nxg4 ({Less strong is} 23... Bxg4 24. fxg4 Re8 25. Qf2 $17) (23... Ne4 $142 $1 {[%mdl 512]} 24. Kg1 (24. Qxe4 Bxg4) 24... Rg5 25. Qxe4 Bxg4 26. Qxg4 Rxg4+ 27. fxg4 Qxg4+ 28. Kh1 Qe4+ 29. Kg1 Qxd4+ 30. Kh1 Re8) 24. fxg4 $19 Bxg4 $40 {[%mdl 128] Black attacks with force.} ({Weaker is} 24... Qxg4 25. Rxf8+ Kxf8 26. Rf1+ Rf5 27. Qxg4 $15) 25. Rxf8+ Kxf8 26. Rf1+ Rf5 27. Rxf5+ Bxf5 28. Qf3 $2 (28. Bb1 Bxb1 29. Qf1+ Ke7 30. Qxb1) 28... g6 29. Bb3 Kg7 30. Qe3 Qg4 {Strongly threatening ...Be4+.} 31. Qg3 {If White can now play Qxg4 this consolidates a bit.} Qe2 {( -> ...Qf1+)} 32. Kg1 Qxb2 {Hoping for ...Qc1+.} 33. Qe3 Kf6 34. h4 Qb1+ 35. Kf2 Qe4 36. Qg5+ Kf7 37. Qd8 Qxd4+ 38. Kf3 Be4+ 39. Ke2 Qd3+ 40. Kf2 Qf3+ 41. Ke1 Qe3+ 42. Kf1 Bd3+ 43. Kg2 Qe7 (43... Qd2+ $142 44. Kg3 Qe1+ 45. Kf3 Be2+ 46. Ke4 Bf1+ 47. Kf4 Qe5+ 48. Kf3 Qe2+ 49. Kf4 Qe5+ 50. Kf3 Qe2+ 51. Kf4 Qe5+) 44. Qb8 Kf6 (44... Qe2+ $142 45. Kg3 Qe1+ 46. Kf3 Qe2+ 47. Kg3 Qe1+ 48. Kf3 Qe2+ 49. Kg3) 45. Qc8 Qe2+ {Black mates.} 46. Kg3 Qe1+ 47. Kf3 Be2+ 48. Kf4 Qf2+ 49. Ke4 Qf3+ {Precision: White = 34%, Black = 53%.} 0-1

[Event "EIWCC 2018"]
[Site "Vysoke Tatry"]
[Date "2018.04.08"]
[Round "1"]
[White "Kashlinskaya, Alina"]
[Black "Sandu, Mihaela"]
[Result "1-0"]
[WhiteElo "2450"]
[BlackElo "2240"]
[Annotator "TA"]
[PlyCount "75"]
[EventDate "2018.??.??"]
[EventType "swiss"]
[EventCountry "SVK"]
[SourceTitle "playchess.com"]
[Source "ChessBase"]
[SourceQuality "1"]

{[%evp 18,75,47,44,63,57,56,57,77,73,86,71,96,79,81,65,83,60,96,69,79,97,123,131,103,78,82,82,87,81,143,56,310,323,494,502,493,487,487,483,485,481,459,462,585,569,682,570,524,454,456,452,659,660,687,616,745,740,792,790]} 1. d4 Nf6 2. c4 g6 3. Nc3 Bg7 4. e4 d6 5. Nf3 O-O 6. Be2 e5 7. O-O Nbd7 8. Be3 exd4 9. Nxd4 Re8 10. Qc2 {LiveBook: 100 Games} Ne5 {E94: King's Indian: Classical: 6 Be2 e5 7 0-0: Various Black 7th moves} 11. Rad1 Bd7 12. f3 a6 {White is slightly better.} 13. Qd2 Qb8 $146 ({Find the theoretical novelty and annotate with similar games:} 13... c6 14. Kh1 b5 15. cxb5 axb5 16. Nc2 Be6 17. b3 Qa5 18. Bd4 {1-0 (28) Gustafsson,J (2647)-Agrest,I (2170) Reykjavik 2011}) 14. a4 Qc8 15. Bh6 Bh8 16. Bg5 Nc6 {[#] And now ...Nxd4 would win.} 17. Nc2 Bg7 18. Kh1 Be6 19. f4 Bg4 {[#]} 20. Bxg4 $1 Qxg4 21. Bxf6 Bxf6 22. Nd5 Bd8 23. Rde1 Kg7 ({Black should try} 23... Qh4) 24. f5 (24. Re3 $16) 24... f6 $2 {[%mdl 8192]} (24... Ne5 $14) 25. Nf4 $18 g5 (25... Kh8 $142 26. fxg6 Ne5) 26. Ne3 {White is clearly winning.} Qxf4 27. Rxf4 gxf4 28. Nd5 Ne5 29. b3 Kh8 30. Nxf4 Rc8 31. Re3 Rg8 32. Rh3 Be7 33. Nd5 Rg7 34. Rg3 {Threatens to win with Rxg7.} Rxg3 (34... c6 $142 35. Rxg7 Kxg7 36. Nxe7 Rc7) 35. hxg3 Re8 36. Qh6 Nf7 37. Qh5 Kg7 38. Nxc7 {Precision: White = 76%, Black = 32%.} 1-0